000
00338nam a2200121Ia 4500
008
231129s9999||||xx |||||||||||||| ||spa||
020
_a
958-693-039-4
040
_b
spa
082
_a
R 428 C977
245
0
_a
Curso basico de ingles Welcome on board
264
_a
Periodicos Asociados
942
_2
ddc
_c
BKS
999
_c
8637
_d
8637